Procedimiento fiscal (Registro nro. 5161)
[ vista simple ]
| 000 -LEADER | |
|---|---|
| fixed length control field | 01601 a2200253 4500 |
| 001 - CONTROL NUMBER | |
| control field | 53243 |
| 005 - DATE AND TIME OF LATEST TRANSACTION | |
| control field | 20260407155806.0 |
| 008 - FIXED-LENGTH DATA ELEMENTS--GENERAL INFORMATION | |
| fixed length control field | 260407a2021 arg spa d |
| 003 - CONTROL NUMBER IDENTIFIER | |
| control field | AR-UNSa-BCEJYS |
| 040 ## - CATALOGING SOURCE | |
| Original cataloging agency | AR-UNSa-BCEJYS |
| Language of cataloging | spa |
| Transcribing agency | AR-UNSa-BCEJYS |
| 080 ## - UNIVERSAL DECIMAL CLASSIFICATION NUMBER | |
| Universal Decimal Classification number | 336.221 |
| Common auxiliary subdivision | Tributación |
| 020 ## - INTERNATIONAL STANDARD BOOK NUMBER | |
| International Standard Book Number | 978-987-01-2685-0 |
| 041 ## - LANGUAGE CODE | |
| Language code of text/sound track or separate title | spa |
| 100 1# - MAIN ENTRY--PERSONAL NAME | |
| Personal name | Celdeiro, Ernesto Carlos |
| 245 10 - TITLE STATEMENT | |
| Title | Procedimiento fiscal |
| Name of part/section of a work | explicado y comentado |
| 250 ## - EDITION STATEMENT | |
| Edition statement | 14a. ed. |
| 264 #1 - PRODUCTION, PUBLICATION, DISTRIBUTION, MANUFACTURE, AND COPYRIGHT NOTICE | |
| Place of production, publication, distribution, manufacture | Buenos Aires : |
| Name of producer, publisher, distributor, manufacturer | Errepar |
| Date of production, publication, distribution, manufacture, or copyright notice | 2021 |
| 300 ## - PHYSICAL DESCRIPTION | |
| Extent | x, 237 p. |
| Dimensions | 27 cm. |
| 505 ## - FORMATTED CONTENTS NOTE | |
| Formatted contents note | 1. Procedimiento fiscal – 2. Interpretación de leyes tributarias – 3. Domicilio, términos y notificaciones – 4. Relación jurídico – tributaria – 5. Liquidación y percepción de impuesto – 6. Extinción de la obligación tributaria – 7. Verificación y fiscalización – 8. Intereses, actualización e ilícitos tributarios – 9. Determinación de oficio – 10. Acción de repetición – 11. Recursos administrativos contra resoluciones de la AFIP – 12. Recursos y demandas ante la justicia – 13. Juicio de ejecución fiscal y pago provisorio de impuestos vencidos – 14. Tribunal fiscal de la nación. L.: 149/DR:76 A 87 – 15. Procedimiento de acuerdo mutuo previsto en los convenios para evitar la doble imposición internacional – 16. Determinaciones conjuntas de precios de operaciones internacionales. |
| 590 ## - LOCAL NOTE (RLIN) | |
| Local note | niveau_biblio:m niveau_hierar:0 |
| 700 1# - ADDED ENTRY--PERSONAL NAME | |
| Personal name | Imirizaldu, Juan José |
| 856 41 - ELECTRONIC LOCATION AND ACCESS | |
| Uniform Resource Identifier | <a href="https://www.biblioeco.unsa.edu.ar/pmb/images/libros/L128386.jpg">https://www.biblioeco.unsa.edu.ar/pmb/images/libros/L128386.jpg</a> |
| Link text | Imagen de portada |
| Electronic format type | image/jpeg |
| 942 ## - ADDED ENTRY ELEMENTS (KOHA) | |
| Koha item type | |
| Withdrawn status | Lost status | Damaged status | Not for loan | Home library | Current library | Shelving location | Date acquired | Total checkouts | Full call number | Barcode | Date last seen | Price effective from | Koha item type | Public note |
|---|---|---|---|---|---|---|---|---|---|---|---|---|---|---|
| Biblioteca Prof. Eusebio Cleto del Rey | Biblioteca Prof. Eusebio Cleto del Rey | 07/04/2026 | 336.221 C392 14ed. | L128386 | 07/04/2026 | 07/04/2026 | Libro | |||||||
| Biblioteca Prof. Eusebio Cleto del Rey | Biblioteca Prof. Eusebio Cleto del Rey | 07/04/2026 | 336.221 C392 14ed. | L128387 | 07/04/2026 | 07/04/2026 | Libro | CANTO SUPERIOR CON MANCHITA | ||||||
| Biblioteca Prof. Eusebio Cleto del Rey | Biblioteca Prof. Eusebio Cleto del Rey | 07/04/2026 | 336.221 C392 14ed. | L128388 | 07/04/2026 | 07/04/2026 | Libro | HÚMEDO EN CANTO SUPERIOR |